[Event "CZE-chT2D 1011"]
[Site "Czech Republic"]
[Date "2010.12.05"]
[Round "4"]
[White "Donnert, Milan"]
[Black "Pospisil, Dusan"]
[Result "1-0"]
[WhiteElo "2116"]
[BlackElo "2160"]
[PlyCount "107"]
[EventDate "2010.10.17"]
[EventType "team-tourn"]
[EventRounds "11"]
[EventCountry "CZE"]
[SourceTitle "EXT 2012"]
[Source "ChessBase"]
[SourceDate "2011.11.24"]
[SourceVersion "1"]
[SourceVersionDate "2011.11.24"]
[SourceQuality "1"]
[WhiteTeam "Brno Duras II"]
[BlackTeam "Brno Lokomotiva"]
[WhiteTeamCountry "CZE"]
[BlackTeamCountry "CZE"]

1. e4 c6 2. d4 g6 3. Bd3 Bg7 4. Ne2 d6 5. 0-0 Nf6 6. h3 Nbd7 7. Be3 e5 8. Nbc3 0-0 9. Qd2 exd4 10. Bxd4 c5 11. Be3 Ne5 12. Nf4 b6 13. Be2 Bb7 14. f3 a6 15. Rad1 Ne8 16. a4 Nc6 17. Bc4 Nd4 18. Nce2 Nxe2+ 19. Qxe2 Qh4 20. Nd5 b5 21. axb5 axb5 22. Bf2 Qd8 23. Bxb5 Bxd5 24. Rxd5 Nc7 25. Rdd1 Ne6 26. c3 Nf4 27. Qd2 Be5 28. h4 g5 29. Be3 h6 30. g3 Ne6 31. hxg5 hxg5 32. f4 Bg7 33. f5 Nc7 34. Bc4 Bf6 35. Qxd6 Qxd6 36. Rxd6 Be5 37. Rg6+ Kh7 38. Rxg5 Rg8 39. Rh5+ Kg7 40. g4 Rh8 41. Bxc5 Rxh5 42. gxh5 Rd8 43. Be3 Ne8 44. h6+ Kf6 45. Bd5 Nc7 46. c4 Bxb2 47. Rb1 Be5 48. Rb6+ Ke7 49. Bc5+ Kd7 50. Bxf7 Rh8 51. Be6+ Nxe6 52. Rxe6 Bf4 53. Bd4 Rh7 54. Bg7 1-0

[Event "CZE-chT2d 0607"]
[Site "Czech Republic"]
[Date "2007.03.25"]
[Round "10"]
[White "Jelinek, Vaclav"]
[Black "Pospisil, Dusan"]
[Result "0-1"]
[WhiteElo "2130"]
[BlackElo "2187"]
[PlyCount "90"]
[EventDate "2006.10.15"]
[EventType "team"]
[EventRounds "11"]
[EventCountry "CZE"]
[SourceTitle "EXT 2009"]
[Source "ChessBase"]
[SourceDate "2008.11.26"]
[SourceVersion "1"]
[SourceVersionDate "2008.11.26"]
[SourceQuality "1"]

1. g3 Nf6 2. Bg2 d5 3. Nf3 e6 4. 0-0 Nbd7 5. b3 Bc5 6. Bb2 0-0 7. c4 c6 8. Nc3 a5 9. Rc1 b6 10. Na4 Be7 11. Nd4 Bb7 12. cxd5 cxd5 13. Nb5 Rc8 14. d3 Nc5 15. Qd2 Ba6 16. Nd4 Nxa4 17. bxa4 Qd7 18. Rxc8 Rxc8 19. Qd1 Qd6 20. Qb3 Qb4 21. Qxb4 Bxb4 22. Rc1 Rxc1+ 23. Bxc1 Nd7 24. Nb3 Nc5 25. Nxc5 bxc5 26. e4 Bxd3 27. exd5 exd5 28. Bxd5 c4 29. Kg2 Be1 30. Kf3 c3 31. Ke3 Ba6 32. Bb3 Kf8 33. Bc2 Ke8 34. f4 Bc4 35. a3 Ke7 36. Bd1 Kd6 37. Kd4 Ba6 38. Bc2 g6 39. Be3 Bc8 40. Kd3 Bg4 41. Bb6 Bf3 42. Ke3 h5 43. Bd4 Ke7 44. Bb6 f6 45. Kd3 Bf2 0-1

[Event "CZE-chT2d 0607"]
[Site "Czech Republic"]
[Date "2007.02.11"]
[Round "7"]
[White "Pospisil, Dusan"]
[Black "Rychtecky, Miroslav"]
[Result "1/2-1/2"]
[WhiteElo "2187"]
[BlackElo "2072"]
[PlyCount "31"]
[EventDate "2006.10.15"]
[EventType "team"]
[EventRounds "11"]
[EventCountry "CZE"]
[SourceTitle "EXT 2009"]
[Source "ChessBase"]
[SourceDate "2008.11.26"]
[SourceVersion "1"]
[SourceVersionDate "2008.11.26"]
[SourceQuality "1"]

1. d4 Nf6 2. Nc3 d5 3. Bf4 c5 4. e3 a6 5. Nf3 Bg4 6. Be2 Bxf3 7. Bxf3 cxd4 8. exd4 e6 9. 0-0 Bd6 10. Bg5 h6 11. Bh4 0-0 12. Qd3 Nbd7 13. Rfe1 Rc8 14. a3 Qb6 15. Rab1 Qc7 16. Bg3 1/2-1/2

[Event "Bohemia South-chT 0405"]
[Site "Czech Republic"]
[Date "2005.??.??"]
[Round "?"]
[White "Kuchynka, Lukas"]
[Black "Pospisil, Dusan"]
[Result "1/2-1/2"]
[WhiteElo "2000"]
[BlackElo "2165"]
[PlyCount "79"]
[EventDate "2004.10.??"]
[EventType "team"]
[EventRounds "11"]
[EventCountry "CZE"]
[SourceTitle "EXT 2007"]
[Source "ChessBase"]
[SourceDate "2006.11.23"]
[SourceVersion "1"]
[SourceVersionDate "2006.11.23"]
[SourceQuality "1"]

1. e4 d5 2. exd5 Nf6 3. Bb5+ Nbd7 4. c4 a6 5. Ba4 g6 6. Nc3 Bg7 7. Nf3 0-0 8. 0-0 b5 9. cxb5 Nb6 10. bxa6 Nxa4 11. Nxa4 Bxa6 12. Re1 Bb7 13. d4 Bxd5 14. Nc3 Bb7 15. Bf4 Nd5 16. Be5 e6 17. Bxg7 Kxg7 18. Ne4 Nb6 19. Qc2 Bd5 20. b3 Ra3 21. Qc5 Ra7 22. Nfd2 Qa8 23. a4 Re8 24. f3 Nd7 25. Qb5 Bc6 26. Qd3 Nb6 27. Nc3 Rd8 28. Nc4 Nd5 29. Nxd5 Rxd5 30. Re5 Qd8 31. Rxd5 Bxd5 32. Rc1 Qb8 33. Rc3 Rb7 34. Nd2 Rb4 35. Qe3 Kg8 36. Kf2 Qb6 37. Rd3 Qb8 38. Rc3 Qb6 39. Rd3 Qb8 40. Rc3 1/2-1/2

[Event "Brno Duras BVK op-A"]
[Site "Brno"]
[Date "2004.07.10"]
[Round "8"]
[White "Pospisil, Dusan"]
[Black "Pospisil, Vladimir"]
[Result "1/2-1/2"]
[WhiteElo "2190"]
[BlackElo "2097"]
[PlyCount "24"]
[EventDate "2004.07.??"]
[EventType "swiss"]
[EventRounds "9"]
[EventCountry "CZE"]
[SourceTitle "EXT 2005"]
[Source "ChessBase"]
[SourceDate "2004.11.15"]
[SourceVersion "1"]
[SourceVersionDate "2004.11.15"]
[SourceQuality "1"]

1. d4 Nf6 2. Nc3 d5 3. Bf4 c6 4. Nf3 Bf5 5. e3 e6 6. Bd3 Bd6 7. 0-0 Qc7 8. Ne2 Nbd7 9. c4 Bxd3 10. Qxd3 dxc4 11. Qxc4 0-0 12. b4 Bxf4 1/2-1/2

[Event "CZE-chT2d 0304"]
[Site "Czech Republic"]
[Date "2004.??.??"]
[Round "?"]
[White "Ciprys, Martin"]
[Black "Pospisil, Dusan"]
[Result "1-0"]
[WhiteElo "2142"]
[BlackElo "2211"]
[PlyCount "69"]
[EventDate "2003.??.??"]
[EventType "team"]
[EventRounds "11"]
[EventCountry "CZE"]
[SourceTitle "EXT 2007"]
[Source "ChessBase"]
[SourceDate "2006.11.23"]
[SourceVersion "1"]
[SourceVersionDate "2006.11.23"]
[SourceQuality "1"]

1. e4 c6 2. d4 d5 3. exd5 cxd5 4. c4 Nf6 5. Nc3 e6 6. Nf3 Be7 7. Bg5 dxc4 8. Bxc4 0-0 9. 0-0 Nc6 10. Re1 h6 11. Bh4 a6 12. Bb3 Bd7 13. Qe2 Qa5 14. Rad1 Rfe8 15. Bc2 Qh5 16. h3 Nb4 17. Bb1 Bc6 18. Bg3 Bxf3 19. gxf3 Qxh3 20. a3 Nbd5 21. Nxd5 Nxd5 22. Qe4 g6 23. Rd3 e5 24. f4 Qf5 25. Qh1 h5 26. Rb3 Qg4 27. Be4 Rad8 28. Bf3 Qf5 29. Be4 Qf6 30. f5 h4 31. fxg6 fxg6 32. Bxe5 Qf7 33. Rf3 Qh7 34. Qg2 Bf6 35. Bxg6 1-0

[Event "CZE-chT2d 0304"]
[Site "Czech Republic"]
[Date "2004.??.??"]
[Round "?"]
[White "Pospisil, Dusan"]
[Black "Komprda, Pavel"]
[Result "1-0"]
[WhiteElo "2200"]
[BlackElo "2035"]
[PlyCount "88"]
[EventDate "2003.??.??"]
[EventType "team"]
[EventRounds "11"]
[EventCountry "CZE"]
[SourceTitle "EXT 2007"]
[Source "ChessBase"]
[SourceDate "2006.11.23"]
[SourceVersion "1"]
[SourceVersionDate "2006.11.23"]
[SourceQuality "1"]

1. d4 Nf6 2. Nc3 d5 3. Bg5 e6 4. e4 dxe4 5. Nxe4 Be7 6. Bxf6 Bxf6 7. c3 Bd7 8. Bd3 Bc6 9. Nf3 Bxe4 10. Bxe4 c6 11. Qc2 h6 12. 0-0 Qc7 13. Rfe1 Nd7 14. Qe2 0-0-0 15. a4 g5 16. a5 a6 17. Bd3 g4 18. Nd2 h5 19. Ra4 Rdg8 20. Rb4 Be7 21. Rb3 Nb8 22. Nc4 Bd6 23. Nb6+ Kd8 24. g3 h4 25. Na8 Qe7 26. c4 hxg3 27. fxg3 Rh3 28. Be4 Rgh8 29. c5 Bxc5 30. dxc5 Qxc5+ 31. Qe3 Qxe3+ 32. Rexe3 Kc8 33. Nb6+ Kc7 34. Re2 R3h5 35. Rf2 f5 36. Bc2 Rd8 37. Re3 Rh6 38. Rfe2 Rd6 39. Nc4 Rd4 40. b3 Kd7 41. Ne5+ Kc7 42. Nd3 Rd6 43. Nc5 b6 44. Nxe6+ Kb7 1-0

[Event "Bohemia South-chT 0405"]
[Site "Czech Republic"]
[Date "2004.??.??"]
[Round "?"]
[White "Rychtecky, Miroslav"]
[Black "Pospisil, Dusan"]
[Result "1/2-1/2"]
[WhiteElo "2005"]
[BlackElo "2165"]
[PlyCount "80"]
[EventDate "2004.10.??"]
[EventType "team"]
[EventRounds "11"]
[EventCountry "CZE"]
[SourceTitle "EXT 2007"]
[Source "ChessBase"]
[SourceDate "2006.11.23"]
[SourceVersion "1"]
[SourceVersionDate "2006.11.23"]
[SourceQuality "1"]

1. d4 Nf6 2. c4 e6 3. Nc3 d5 4. Bf4 c6 5. e3 Be7 6. c5 a5 7. a3 0-0 8. Bd3 b5 9. b4 Nbd7 10. h3 Re8 11. Nf3 Nf8 12. 0-0 Nh5 13. Bh2 g6 14. Ne5 Bd7 15. f4 f5 16. g4 Nf6 17. g5 Ne4 18. Bxe4 dxe4 19. Qe2 Qc7 20. Qb2 Bd8 21. Bg3 Bc8 22. Qb3 a4 23. Qa2 Ra6 24. Kh2 Re7 25. Rh1 h5 26. gxh6 Rh7 27. Rag1 Rxh6 28. Be1 Bf6 29. Qg2 Bd7 30. Qf1 Be8 31. Rg2 Ra7 32. Kg1 Qd8 33. Kf2 Rah7 34. Rgh2 Kh8 35. Rg1 Rh5 36. Ke2 Qc7 37. Bg3 Qg7 38. Rgh1 Qc7 39. Qg2 Qd8 40. Rd1 Qc8 1/2-1/2

[Event "MOR-chT 0203"]
[Site "Moravia"]
[Date "2002.12.08"]
[Round "4"]
[White "Schirmbeck, Hannes"]
[Black "Pospisil, Dusan"]
[Result "1-0"]
[WhiteElo "2136"]
[BlackElo "2211"]
[PlyCount "163"]
[EventDate "2002.10.??"]
[EventType "team"]
[EventRounds "11"]
[EventCountry "CZE"]
[SourceTitle "EXT 2005"]
[Source "ChessBase"]
[SourceDate "2004.11.15"]
[SourceVersion "1"]
[SourceVersionDate "2004.11.15"]
[SourceQuality "1"]

1. e4 c6 2. d4 d5 3. e5 c5 4. dxc5 e6 5. Be3 Nd7 6. Nf3 Bxc5 7. Bxc5 Nxc5 8. c4 Ne7 9. Nc3 Qa5 10. Be2 Ne4 11. 0-0 Nxc3 12. bxc3 0-0 13. Qb3 dxc4 14. Bxc4 Nc6 15. Rfe1 Rd8 16. Qc2 h6 17. Rab1 Qc7 18. Qe4 b6 19. Bd3 g6 20. Rbd1 Bb7 21. Qh4 Kh7 22. Ng5+ Kg7 23. Nf3 Qe7 24. Qg3 Na5 25. Nd4 Qg5 26. Qh3 Rac8 27. Nb5 Ba6 28. Nd6 Rxc3 29. Ne4 Rdxd3 30. Rxd3 Rxd3 31. Nxg5 Rxh3 32. Nxh3 Bc4 33. a3 g5 34. f3 Bd5 35. f4 Kg6 36. g3 Nc4 37. Ra1 Nd2 38. Kf2 Nf3 39. Ke3 Nxh2 40. Rc1 Ng4+ 41. Kd4 Bg2 42. Nf2 Nxf2 43. Rc2 gxf4 44. gxf4 Ng4 45. Rxg2 Kf5 46. Rg1 h5 47. Rh1 Kg6 48. Rh3 Nh6 49. Ke4 Nf5 50. Rc3 h4 51. Rc7 a6 52. Ra7 h3 53. Kf3 a5 54. Rb7 b5 55. Ra7 a4 56. Rb7 f6 57. exf6 Kxf6 58. Rh7 Nd6 59. Rxh3 Nc4 60. Ke4 Ke7 61. Rd3 Nb2 62. Rc3 Nc4 63. Kd4 Kd6 64. Rh3 Nb6 65. Rh6 Nc4 66. f5 Nxa3 67. Rxe6+ Kd7 68. Kc5 Nc4 69. Rh6 Ke7 70. Re6+ Kd7 71. Re2 a3 72. f6 a2 73. Rxa2 Ke6 74. Ra6+ Kf7 75. Kd4 Kg6 76. Kd5 Kf7 77. Rc6 Nd2 78. Ke5 Nf3+ 79. Ke4 Nh4 80. Kf4 Kg6 81. Kg4 Ng2 82. Re6 1-0

[Event "MOR-chT 0203"]
[Site "Moravia"]
[Date "2002.11.24"]
[Round "3"]
[White "Baier, Pavel"]
[Black "Pospisil, Dusan"]
[Result "1/2-1/2"]
[WhiteElo "2194"]
[BlackElo "2213"]
[PlyCount "107"]
[EventDate "2002.10.??"]
[EventType "team"]
[EventRounds "11"]
[EventCountry "CZE"]
[SourceTitle "EXT 2005"]
[Source "ChessBase"]
[SourceDate "2004.11.15"]
[SourceVersion "1"]
[SourceVersionDate "2004.11.15"]
[SourceQuality "1"]

1. e4 c6 2. Nc3 d5 3. Nf3 dxe4 4. Nxe4 Nd7 5. Bc4 e6 6. Qe2 Ngf6 7. Neg5 Nb6 8. Bb3 Bd6 9. d4 h6 10. Nh3 Qc7 11. 0-0 0-0 12. Ne5 c5 13. c3 cxd4 14. cxd4 Nbd5 15. Nf4 b6 16. Bd2 Bb7 17. Rac1 Qe7 18. Nh5 Nxh5 19. Qxh5 Nf6 20. Qe2 Rac8 21. Bc2 Rfd8 22. a3 Rc7 23. Bd3 Rdc8 24. Rxc7 Rxc7 25. Ng4 Nxg4 26. Qxg4 Qf6 27. Re1 Kf8 28. h3 Bd5 29. Rc1 Rxc1+ 30. Bxc1 Qd8 31. Bf4 Qc7 32. Bxd6+ Qxd6 33. Qe2 Qc6 34. f3 Qc1+ 35. Kf2 Bb3 36. Kg3 Qg5+ 37. Kf2 Qf4 38. Qe3 Qxe3+ 39. Kxe3 Ke7 40. Be4 Kd6 41. g3 a5 42. h4 b5 43. f4 b4 44. axb4 axb4 45. Bf3 Bd5 46. Bd1 Bc4 47. Bf3 f6 48. Bd1 e5 49. dxe5+ fxe5 50. fxe5+ Kxe5 51. Bf3 g5 52. hxg5 hxg5 53. Bb7 Bb5 54. Bf3 1/2-1/2

[Event "MOR-chT 0203"]
[Site "Moravia"]
[Date "2002.10.22"]
[Round "1"]
[White "Bures, Martin R"]
[Black "Pospisil, Dusan"]
[Result "1/2-1/2"]
[WhiteElo "2167"]
[BlackElo "2215"]
[PlyCount "40"]
[EventDate "2002.10.??"]
[EventType "team"]
[EventRounds "11"]
[EventCountry "CZE"]
[SourceTitle "EXT 2005"]
[Source "ChessBase"]
[SourceDate "2004.11.15"]
[SourceVersion "1"]
[SourceVersionDate "2004.11.15"]
[SourceQuality "1"]

1. e4 c6 2. c4 e6 3. d4 d5 4. e5 dxc4 5. Bxc4 Nd7 6. Nf3 Nb6 7. Bb3 Ne7 8. Nc3 h6 9. 0-0 Ned5 10. Ne4 Qc7 11. Bd2 Be7 12. Ba5 Nf4 13. Qd2 Ng6 14. Rac1 0-0 15. a3 Rd8 16. g3 Bd7 17. Rfd1 Be8 18. Qe2 Qb8 19. h4 Rd7 20. Nc5 Bxc5 1/2-1/2

[Event "Brno Duras BVK op-A"]
[Site "Brno"]
[Date "2001.??.??"]
[Round "3"]
[White "Novotny, Jaroslav"]
[Black "Pospisil, Dusan"]
[Result "0-1"]
[WhiteElo "2220"]
[BlackElo "2210"]
[PlyCount "80"]
[EventDate "2001.??.??"]
[EventType "swiss"]
[EventRounds "9"]
[EventCountry "CZE"]
[SourceTitle "EXT 2003"]
[Source "ChessBase"]
[SourceDate "2002.11.25"]
[SourceVersion "1"]
[SourceVersionDate "2002.11.25"]
[SourceQuality "1"]

1. d4 d5 2. Bg5 Nf6 3. Nd2 Nbd7 4. Ngf3 e6 5. e4 dxe4 6. Nxe4 Be7 7. Nxf6+ Nxf6 8. Bd3 c5 9. dxc5 Qa5+ 10. c3 Qxc5 11. Be3 Qc7 12. Qa4+ Bd7 13. Bb5 0-0 14. Bxd7 Qxd7 15. Qxd7 Nxd7 16. 0-0-0 Rfd8 17. Rd2 f6 18. Rhd1 Nf8 19. Rxd8 Bxd8 20. Bc5 e5 21. Bxf8 Kxf8 22. Nh4 b5 23. Rd5 a6 24. Rd6 g6 25. Rd7 Be7 26. Kc2 Kf7 27. g4 Ke6 28. Rb7 Rd8 29. Ng2 Rd7 30. Rxd7 Kxd7 31. Ne3 Ke6 32. Kd3 Bc5 33. c4 f5 34. gxf5+ gxf5 35. cxb5 axb5 36. f3 Bd4 37. Nd1 Kd5 38. h3 h5 39. Ne3+ Bxe3 40. Kxe3 e4 0-1